Estatísticas para Cultura Geral

Clique aqui para jogar o quiz

Estatísticas Gerais

  • Esse quiz foi jogado 12 vezes
  • A pontuação média é 9 de 15

Estatísticas das Respostas

HintResposta% Correto
Qual é a sexta nota musical?
100%
Que nome damos a um tanque de água próprio para natação, mergulhos, saltos ornamentais e outras práticas desportivas?Piscina
100%
Que nome damos ao fenómeno atmosférico marcado por ventos fortes, trovoadas, relâmpagos, raios e chuva?Tempestade
90%
Quando Miklós Fehér em que clube português jogava?Benfica
80%
Que nome damos ao símbolo visual de um estado soberana, país, estado, município, interdência, província, bairro, etc.?Bandeira
70%
Que nome damos a uma tubulação utilizada para transportar gás natural de um lugar para outro?Gasoduto
70%
Qual é a unidade de medida para frequências?Hertz
70%
Que nome damos á falta, ausência ou diminuição de atividades físicas ou desportivas?Sedentarismo
70%
Que nome damos á pessoa que pratica regularmente um desporto?Atleta
60%
Que nome damos a uma barreira artificial em cursos de água para a retenção de grandes quantidades de água?Barragem
60%
Que nome damos á mudança periódica do nível do mar?Maré
60%
Que nome damos a uma sucessão linear de notas musicais no primeiro plano de uma obra musical?Melodia
20%
Que nome damos a substâncias ou misturas que pode impedir, destruir, repelir ou mitigar a praga?Pesticidas
20%
Que nome damos ao expoente a que outro valor fixo, a base, deve ser elevado para produzir este número?Logaritmo
10%
Que nome damos á matéria sólida particulada que é depositada na superfície da terra?Sedimento
10%

Distribuição das Pontuações

Percentil de Números Respondidos

Porcentagem de Pessoas com Cada Pontuação

Sua Pontuação Histórica

Você não jogou esse quiz